000 00156nam a22000857a 4500
082 _a823
100 _aSUDIP N
245 _aTHE BRAVE LITTLE TAILOR
942 _cBK
999 _c8241
_d8241